Thần linh đất Việt

Gardado en:
Detalles Bibliográficos
Autor Principal: VŨ THANH SƠN
Formato: Libro
Idioma:Undetermined
Publicado: Hà Nội VHDT 2002
Những chủ đề:
Các nhãn: Engadir etiqueta
Sen Etiquetas, Sexa o primeiro en etiquetar este rexistro!
Thư viện lưu trữ: Trung tâm Học liệu Trường Đại học Cần Thơ
LEADER 00463nam a2200169Ia 4500
001 CTU_48138
008 210402s9999 xx 000 0 und d
082 |a 398.209597 
082 |b S464 
100 |a VŨ THANH SƠN 
245 0 |a Thần linh đất Việt 
245 0 |c VŨ THANH SƠN 
260 |a Hà Nội 
260 |b VHDT 
260 |c 2002 
650 |a folk literaturre , vietnamese 
980 |a Trung tâm Học liệu Trường Đại học Cần Thơ